00000000nam##2200000za#4500
0019.632689
003CaOODSP
00520210624214939
007cr |||||||||||
008150407|2005||||xxc|||||o    f|0| 0 fre|d
040 |aCaOODSP|bfre
043 |an-cn---
0861 |aM144-67/2005F-PDF
1101 |aCanada.|bRessources naturelles Canada. |bOffice de l'efficacité énergétique.
24510|aGuide d'économie d'énergie pour la réfection des routes à l'intention des entrepreneurs canadiens en construction routière |h[ressource électronique]
260 |aOttawa - Ontario : |bRessources naturelles Canada. |c2005.
300 |a29p.|bfigures, tableaux
500 |aLe n° de catalogue et l'ISBN de l'édition imprimée bilingue ont été copiés dans l'édition PDF.
500 |a«En collaboration avec l’Association canadienne de la construction»
590 |a06-12|b2006-03-24
69107|aConstruction routière|2gcpds
77508|tRoad rehabilitation energy reduction guide for Canadian road builders |w(CaOODSP)9.688257
85640|ahttp://publications.gc.ca|qPDF|s548 Ko|uhttps://publications.gc.ca/collections/Collection/M144-67-2005F.pdf